Allocation under uncertainity: Equilibrium and optimality (Record no. 28197)
[ view plain ]
| 000 -LEADER | |
|---|---|
| fixed length control field | 00311nam a2200109Ia 4500 |
| 082 ## - DEWEY DECIMAL CLASSIFICATION NUMBER | |
| Classification number | 339.13.053(06) |
| Item number | dre |
| 100 ## - MAIN ENTRY--AUTHOR NAME | |
| Personal name | DREZE, J H |
| 245 #0 - TITLE STATEMENT | |
| Title | Allocation under uncertainity: Equilibrium and optimality |
| 260 ## - PUBLICATION, DISTRIBUTION, ETC. (IMPRINT) | |
| Place of publication | Great Britain |
| Name of publisher | Macmillan |
| Year of publication | 1974 |
| 942 ## - ADDED ENTRY ELEMENTS (KOHA) | |
| Koha item type | Books |
| Withdrawn status | Lost status | Damaged status | Not for loan | Home library | Current library | Date acquired | Full call number | Accession Number | Koha item type |
|---|---|---|---|---|---|---|---|---|---|
| RRII Library | RRII Library | 16/12/2021 | 339.13.053(06) dre | 08805 | Books |